000 00645cam a2200145 4500500
005 20251228083014.0
041 _afre
042 _adc
100 1 0 _aMazouer, Charles
_eauthor
245 0 0 _aNicolas Caussin : rhétorique et spiritualité à l’époque de Louis XIII, Actes du Colloque de Troyes (16-17 septembre 2004) réunis par Sophie Conte, Berlin, LIT Verlag, 2007, 358 p. (Ars rhetorica, 19).
260 _c2009.
500 _a4
786 0 _nDix-septième siècle | 244 | 3 | 2009-07-27 | p. 555b-565b | 0012-4273
856 4 1 _uhttps://shs.cairn.info/revue-dix-septieme-siecle-2009-3-page-555b?lang=fr&redirect-ssocas=7080
999 _c1600363
_d1600363